000 01168aam a2200313 i 4500
999 _c45343
_d45343
001 768714001
003 CO-MdFUSB
005 20201119164342.0
007 ta
008 200527t1947 enka|||| |||| 00| 0 eng d
020 _a[No incluye ISBN]
040 _bspa.
_aCO-MdFUSB
_cCO-MdFUSB
_dCO-MdFUSBC
_erda
041 _aeng
082 0 4 _a227.07
_223
_bP558
100 _aPhillips, John Bertram,
_eautor
245 1 0 _aLetters to young churches :
_ba translation of the New Testament epistles
_c/ J. B. Phillips
264 1 _aLondres :
_b Geoffrey Bles,
_c[1947]
264 4 _c© 1947
300 _a224 páginas
_c; 23 cm
336 _atexto
_btxt
_2rdacontent
337 _2rdamedia
_asin mediación
_bn
338 _2rdacarrier
_avolumen
_bnc
505 _aTraducción del autor de las cartas del Nuevo Testamento : Romanos - 1 y 2 Corintos - Gálatas - Efesios - Filipenses - Colosenses - 1 y 2 Tesalonicenses - 1 y 2 Timoteo - Tito - Filemón - Carta a los cristianos judíos - Santiago - 1 y 2 Pedro - 1, 2 y 3 Juan - Judas
563 _aPasta dura
630 0 7 _aBiblia.
_pNuevo Testamento
942 _cBK
945 _aJTF-925